| 000 | 01039cam a22002895a 4500 | ||
|---|---|---|---|
| 001 | 016040087 | ||
| 003 | OSt | ||
| 005 | 20150706134948.0 | ||
| 008 | 120221t2013 enka frb 001 0 eng d | ||
| 020 | _a9781849733878 (hardback) | ||
| 020 | _a1849733872 (hardback) | ||
| 040 |
_aStDuBDS _beng _cStDuBDS _dUk _dEG-ScBUE |
||
| 082 | 0 | 4 |
_a621.47 _bSOL _222 |
| 245 | 0 | 0 |
_aSolar energy conversion : _bdynamics of interfacial electron and excitation transfer / _cedited by Piotr Piotrowiak. |
| 260 |
_aCambridge : _bThe Royal Society of Chemistry, _cc.2013. |
||
| 300 |
_axvi, 379 p. : _bill. (col.) ; _c25 cm. |
||
| 490 | 0 |
_aRSC energy and environment series, _x2044-0774 ; _vno. 8. |
|
| 500 | _aIndex : p. 371-379. | ||
| 504 | _aBibliography : p. 363-370. | ||
| 650 | 0 |
_aSolar energy _xResearch. _2BUEsh |
|
| 650 | 0 |
_aCharge transfer devices (Electronics) _2BUEsh |
|
| 651 | _2BUEsh | ||
| 653 |
_bENGGEN _cJune2015 _cJuly2015 |
||
| 655 |
_vreading book _934232 |
||
| 700 | 1 |
_aPiotrowiak, Piotr, _d1958- _eeditor. |
|
| 942 |
_2ddc _k621.47 SOL |
||
| 999 |
_c19726 _d19698 |
||